000 00256nam a22001217a 4500
008 170323b xxu||||| |||| 00| 0 eng d
041 _aalb
080 _a616.9
100 _a8
101 _aSHM
245 _aEPIDEMIOLOGJIA
_cDEDUSHAJ, I.I
942 _2udc
_cBK
999 _c8528
_d8528